<?xml version="1.0" encoding="UTF-8"?>
<record
    xmlns:xsi="http://www.w3.org/2001/XMLSchema-instance"
    xsi:schemaLocation="http://www.loc.gov/MARC21/slim http://www.loc.gov/standards/marcxml/schema/MARC21slim.xsd"
    xmlns="http://www.loc.gov/MARC21/slim">

  <leader>01543nam a22001937a 4500</leader>
  <controlfield tag="003">OSt</controlfield>
  <controlfield tag="005">20231215101459.0</controlfield>
  <controlfield tag="008">231211s2008    ag ||||| |||| 00| f spa d</controlfield>
  <datafield tag="020" ind1=" " ind2=" ">
    <subfield code="a">9789500728591</subfield>
  </datafield>
  <datafield tag="040" ind1=" " ind2=" ">
    <subfield code="c">besoc</subfield>
  </datafield>
  <datafield tag="100" ind1="1" ind2=" ">
    <subfield code="a">Allende, Isabel,</subfield>
    <subfield code="d">(1942-),</subfield>
    <subfield code="e">autor</subfield>
  </datafield>
  <datafield tag="245" ind1="1" ind2="3">
    <subfield code="a">La suma de los d&#xED;as /</subfield>
    <subfield code="c">Isabel Allende</subfield>
  </datafield>
  <datafield tag="250" ind1=" " ind2=" ">
    <subfield code="a">7a ed.</subfield>
  </datafield>
  <datafield tag="260" ind1=" " ind2=" ">
    <subfield code="a">Buenos Aires :</subfield>
    <subfield code="b">Sudamericana,</subfield>
    <subfield code="c">2008</subfield>
  </datafield>
  <datafield tag="300" ind1=" " ind2=" ">
    <subfield code="a">368 p.</subfield>
  </datafield>
  <datafield tag="520" ind1=" " ind2=" ">
    <subfield code="a">Este libro narra con franqueza la historia reciente de la vida de la autora y la de su peculiar familia en California, en una casa abierta, llena de gente y de personajes literarios, y protegida por un esp&#xED;ritu: hijas perdidas, nietos y libros que nacen, &#xE9;xitos y dolores, un viaje al mundo de las adicciones y otros a lugares remotos del mundo en busca de inspiraci&#xF3;n, junto a divorcios, encuentros, amores, separaciones, crisis de pareja y reconciliaciones. Tambi&#xE9;n es una historia de amor entre un hombre y una mujer maduros, que han salvado juntos muchos escollos sin perder ni la pasi&#xF3;n ni el humor, y de una familia moderna, desgarrada por conflictos y unida, a pesar de todo, por el cari&#xF1;o y la decisi&#xF3;n de salir adelante. Esta es la familia que descubrimos en Paula y que desciende de los personajes de La casa de los esp&#xED;ritus. Una obra al tiempo emotiva y escrita en el tono ir&#xF3;nico y apasionado que caracteriza a la autora, en la que nos entrega la suma de sus d&#xED;as como mujer y como escritora. [Nota del editor]</subfield>
  </datafield>
  <datafield tag="650" ind1=" " ind2="4">
    <subfield code="a">Literatura chilena</subfield>
    <subfield code="v">Autobiograf&#xED;a</subfield>
    <subfield code="y">Siglo XXI</subfield>
  </datafield>
  <datafield tag="942" ind1=" " ind2=" ">
    <subfield code="2">udc</subfield>
    <subfield code="c">OG</subfield>
    <subfield code="n">0</subfield>
  </datafield>
  <datafield tag="999" ind1=" " ind2=" ">
    <subfield code="c">154</subfield>
    <subfield code="d">154</subfield>
  </datafield>
  <datafield tag="952" ind1=" " ind2=" ">
    <subfield code="0">0</subfield>
    <subfield code="1">0</subfield>
    <subfield code="2">udc</subfield>
    <subfield code="4">0</subfield>
    <subfield code="7">0</subfield>
    <subfield code="8">CG</subfield>
    <subfield code="a">ESOCIALES</subfield>
    <subfield code="b">ESOCIALES</subfield>
    <subfield code="d">2023-12-15</subfield>
    <subfield code="l">0</subfield>
    <subfield code="o">82-94(83) AL432</subfield>
    <subfield code="p">000946</subfield>
    <subfield code="r">2023-12-15 00:00:00</subfield>
    <subfield code="w">2023-12-15</subfield>
    <subfield code="y">OG</subfield>
  </datafield>
</record>
